000 00728nam a2200265Ia 4500
001 923
003 GE_BSU
008 181216s||||||||xx |||||||||||||| ||und||
020 _a5314001489
040 _cGE_BSU
080 _a159.9
245 _aКлиническая психология.
245 _bСерия "Мастера психологии
245 _cПод.ред. М.Перре;У.Баумана
250 _a2-е межд. изд-е
260 _aСПБ
260 _bПитер
260 _c2003
300 _a1312стр.
541 _h40л.
653 _aКлиническая психология
653 _aпсихология
653 _aფსიქოლოგია
942 _cBK
999 _c35082
_d35082